000 01349 a2200241 4500
001 14874
005 20260407155448.0
008 260407a2011 arg spa d
003 AR-UNSa-BCEJYS
040 _aAR-UNSa-BCEJYS
_bspa
_cAR-UNSa-BCEJYS
080 _a657
_xContabilidad
245 1 0 _aContabilidad básica
020 _a978-987-03-1895-8
250 _a5a. ed.
264 1 _aBuenos Aires :
_bLa Ley
_c2011
300 _axlvii, 772 p.
_c24 cm.
505 _a1. Contabilidad,informes contables y normas contables - 2. Objetos de reconocimiento y medición contable - 3. La moneda de medición - 4. Reconocimiento y baja contable - 5. Medición contable - 6. Procesamiento contable - 7. El método de la partida doble - 8. Financiación de las actividades - 9. Compras - 10. Pasivos diversos - 11. Consumos, depreciaciones y producción - 12. Ventas y cuestiones conexas - 13. Cuentas por cobrar en moneda - 14. Movimientos de efectivo - 15. Activos no monetarios: medición periódica y baja - 16. Ajuste por inflación 17. Tareas contables de cierre - 18. Preparación de informes
041 _aspa
942 _cBK
590 _aniveau_biblio:m niveau_hierar:0
100 1 _aFowler Newton, Enrique
856 4 1 _uhttps://biblioeco.unsa.edu.ar/pmb/images/libros/Contabilidad%20B%C3%A1sica%285a%20ed%29.jpg
_yImagen de portada
_qimage/jpeg
999 _c614
_d614